Structural steel designer's handbook / (Record no. 150901)
[ view plain ]
| 000 -LEADER | |
|---|---|
| fixed length control field | 00897cam a2200253 a 4500 |
| 001 - CONTROL NUMBER | |
| control field | vtls003245310 |
| 003 - CONTROL NUMBER IDENTIFIER | |
| control field | MY-SjTCS |
| 005 - DATE AND TIME OF LATEST TRANSACTION | |
| control field | 20200226115621.0 |
| 008 - FIXED-LENGTH DATA ELEMENTS--GENERAL INFORMATION | |
| fixed length control field | 130103s2011 nyua 001 0 eng d |
| 020 ## - INTERNATIONAL STANDARD BOOK NUMBER | |
| International Standard Book Number | 9780071666664 (hbk.) |
| 020 ## - INTERNATIONAL STANDARD BOOK NUMBER | |
| International Standard Book Number | 0071666664 (hbk.) |
| 039 #9 - LEVEL OF BIBLIOGRAPHIC CONTROL AND CODING DETAIL [OBSOLETE] | |
| Level of rules in bibliographic description | 201301031311 |
| Level of effort used to assign nonsubject heading access points | shuhada |
| Level of effort used to assign subject headings | 201301031310 |
| Level of effort used to assign classification | shuhada |
| Level of effort used to assign subject headings | 201301031308 |
| Level of effort used to assign classification | shuhada |
| Level of effort used to assign subject headings | 201301021948 |
| Level of effort used to assign classification | shuhada |
| -- | 201211191731 |
| -- | wilmina |
| 082 04 - DEWEY DECIMAL CLASSIFICATION NUMBER | |
| Classification number | 624.1821 |
| Item number | STR 2011 |
| 245 00 - TITLE STATEMENT | |
| Title | Structural steel designer's handbook / |
| Statement of responsibility, etc. | Roger L. Brockenbrough, editor ; Frederick S. Merritt, editor. |
| 250 ## - EDITION STATEMENT | |
| Edition statement | 5th ed. |
| 260 ## - PUBLICATION, DISTRIBUTION, ETC. | |
| Place of publication, distribution, etc. | New York : |
| Name of publisher, distributor, etc. | McGraw Hill, |
| Date of publication, distribution, etc. | c2011. |
| 300 ## - PHYSICAL DESCRIPTION | |
| Extent | 1 v. (various pagings) : |
| Other physical details | ill. ; |
| Dimensions | 25 cm. |
| 500 ## - GENERAL NOTE | |
| General note | Includes index. |
| 650 #0 - SUBJECT ADDED ENTRY--TOPICAL TERM | |
| Topical term or geographic name entry element | Building, Iron and steel. |
| 650 #0 - SUBJECT ADDED ENTRY--TOPICAL TERM | |
| Topical term or geographic name entry element | Steel, Structural. |
| 700 1# - ADDED ENTRY--PERSONAL NAME | |
| Personal name | Brockenbrough, R. L. |
| 9 (RLIN) | 65869 |
| 700 1# - ADDED ENTRY--PERSONAL NAME | |
| Personal name | Merritt, Frederick S. |
| 9 (RLIN) | 6049 |
| 920 ## - Programme | |
| Programme | ENG : 189924 |
| Withdrawn status | Lost status | Source of classification or shelving scheme | Damaged status | Not for loan | Home library | Current library | Date acquired | Total Checkouts | Barcode | Date last seen | Date last checked out | Copy number | Koha item type | Public note |
|---|---|---|---|---|---|---|---|---|---|---|---|---|---|---|
| Dewey Decimal Classification | Taylor's Library-TU | Taylor's Library-TU | 10/12/2012 | 5 | 5000138504 | 05/12/2019 | 12/12/2013 | 1 | Main Collection | SOExx,07017,03,CL |